| 000 | 01136cam a2200337 a 4500 | ||
|---|---|---|---|
| 003 | CHAP | ||
| 005 | 20220329142129.0 | ||
| 008 | 990830d1979 es a r 00110 spa d | ||
| 010 | _a78910 | ||
| 011 | _a79882 | ||
| 020 | _a8429140778 | ||
| 035 | _a90299 | ||
| 040 | _cCHAP | ||
| 082 | 0 | 4 |
_a621.01 _bL8Y |
| 100 | 0 | 0 |
_aLumbroso, Hubert. _969005 |
| 245 | 1 | 0 |
_aTermodinámica : _b100 ejercicios y problemas resueltos _c/por Hubert Lumbroso |
| 260 |
_aBarcelona : _bReverté, _c1979. |
||
| 300 |
_a401 p. : _bilus. ; gráfs. |
||
| 490 | 0 | _aSerie reverté de problemas | |
| 590 |
_aBATCH-UPD _b10 _c20130110 _lUCH01 _h0427 |
||
| 590 |
_aBATCH-UPD _b10 _c20130410 _lUCH01 _h0103 |
||
| 590 |
_aBATCH-UPD _b10 _c20130914 _lUCH01 _h1735 |
||
| 590 |
_aCONVERSION _b10 _c20130109 _lUCH01 _h1344 |
||
| 650 | 1 | 4 |
_aTermodinámica. _9112366 |
| 830 | 0 |
_aSerie reverté de problemas _9105026 |
|
| 901 | _aBK | ||
| 905 | _aGuadalupe Pinto C. | ||
| 942 | _cLIBRO | ||
| 949 |
_a621.01 L8Y _bBC _cLIBRO _d33724002236743 _eLIBRO _fc.2 _gDonaciØn _h114242 _i90299 _si |
||
| 949 |
_a621.01 L8Y _bBC _cLIBRO _d33724002344652 _eLIBRO _gI. 199011 _h96304 _i90299 _si _t$366.00 |
||
| 999 |
_c78910 _d78910 |
||